000 00611nam a2200229Ia 4500
003 OSt
005 20220928125144.0
006 a|||||r|||| 00| 0
007 ta
008 220927b |||||||| |||| 00| 0 eng d
024 _a57444
037 _cTextual
040 _aSDCL
_cSDCL
_beng
041 _2eng
_aeng
082 _aR39(Y), N6
100 _aKraye Jill
_9468362
245 0 _aCambridge companion to renaissance humanism.
260 _aCambridge
_bCambridge University Press.
300 _axvii,303p
_ccm.
942 _hR39(Y), N6
_cTEXL
_2CC
999 _c781198
_d781198